| 000 | 00700nam a2200169 a 4500 | ||
|---|---|---|---|
| 001 | 000016652 | ||
| 005 | 20200929164937.0 | ||
| 008 | 100308s1992 dr ac 000 0 spa d | ||
| 040 |
_aDO-SdBNP _bspa _cBNPHU |
||
| 082 |
_axxx _bR337i |
||
| 110 | 1 |
_aRepública Dominicana. _bSecretaría de Estado de Deportes Educación Física y Recreación _936997 |
|
| 245 | 1 | 0 |
_aReglamento internacional de atletismo : _bpara las competencias internacionales masculinas y femeninas de atletismo / _cprólogo Primo Nebiolo. |
| 260 |
_aSanto Domingo : _bFederación Dominicana de Atletismo Aficionado, _c1992. |
||
| 300 |
_a234 p. : _bil. ; retrs. ; _c18 cm. |
||
| 700 | 1 |
_aNebiolo, Premio _epról. _936998 |
|
| 049 | _aBNPD | ||
| 999 |
_c16185 _d16185 |
||